| Tag |
First Indicator |
Second Indicator |
Subfields |
| LEADER |
00000cam a2200000 a 4500 |
| 001 |
in00001406782 |
| 005 |
20151020072928.0 |
| 008 |
920818s1992 ilua j 000 0 eng |
| 010 |
|
|
|a 92029880
|
| 020 |
|
|
|a 0807581577
|
| 035 |
|
|
|a (OCoLC)26634984
|
| 035 |
|
|
|9 AHQ3738AM
|
| 040 |
|
|
|a DLC
|c DLC
|d UtOrBLW
|
| 049 |
|
|
|a TXAG
|
| 050 |
0 |
0 |
|a PZ8.H755
|b Tw 1993
|
| 082 |
0 |
0 |
|a 398.21
|a E
|2 20
|
| 100 |
1 |
|
|a Hong, Lily Toy.
|
| 245 |
1 |
0 |
|a Two of everything :
|b a Chinese folktale /
|c retold and illustrated by Lily Toy Hong.
|
| 264 |
|
1 |
|a Morton Grove, Ill. :
|b A. Whitman,
|c [1993]
|
| 264 |
|
4 |
|c ©1993
|
| 300 |
|
|
|a 1 volume (unpaged) :
|b color illustrations ;
|c 22 x 27 cm.
|
| 336 |
|
|
|a text
|b txt
|2 rdacontent
|
| 337 |
|
|
|a unmediated
|b n
|2 rdamedia
|
| 338 |
|
|
|a volume
|b nc
|2 rdacarrier
|
| 520 |
|
|
|a A poor old Chinese farmer finds a magic brass pot that doubles or duplicates whatever is placed inside it, but his efforts to make himself wealthy lead to unexpected complications.
|
| 650 |
|
1 |
|a Fairy tales.
|
| 650 |
|
1 |
|a Folklore
|z China.
|
| 999 |
|
|
|a MARS
|
| 999 |
f |
f |
|s 9e79a392-805e-3674-8159-bd0aff68bb38
|i fb5a1aa8-a9e1-3e7f-b286-01402450ec47
|t 0
|
| 952 |
f |
f |
|p normal
|a Texas A&M University
|b College Station
|c Sterling C. Evans Library
|d Evans: Curriculum Collection (4th floor)
|t 0
|e PZ8.H755 Tw 1993
|h Library of Congress classification
|i unmediated -- volume
|m A14822233943
|
| 998 |
f |
f |
|a PZ8.H755 Tw 1993
|t 0
|l Evans: Curriculum Collection (4th floor)
|